Представление документа в формате RUSMARC

ПолеНазваниеЗначение
  Тип записи a
  Библиографический уровень c
001 Контрольный номер RU/IS/BASE/513953509
005 Дата корректировки 20251003164057.1
010 Индекс ISBN __
a ISBN (в пер.)
d Цена 350-00
100 Данные общей обработки __
a Данные общей обработки 19160414d2015||||||| 0rusy0189 ca
101 Язык документа 0_
a Язык текста rus
102 Страна публикации __
a Страна публикации ru
105 Кодированные данные (монография) __
a Кодированные данные (монография) с|||||||000zy
200 Заглавие и сведения об ответственности 1_
a Заглавие Песни ; Романсы ; Детские песенки
e Сведения, относящиеся к заглавию [12+]
f Первые сведения об ответственности Никон Сочихин
b Общее обозначение материала Текст
210 Выходные данные __
a Место издания [Томск]
c Издательство [б. и.]
d Дата издания [2015]
215 Физическое описание __
a Объем 116 с.
c Иллюстрации/тип воспроизводства портр.
d Формат 21 см
300 Общие примечания __
a Общие примечания 150 экз.
300 Общие примечания __
a Общие примечания Кн. с автогр. авт.
300 Общие примечания __
a Общие примечания Обязат. экз. (2016)
300 Общие примечания __
a Общие примечания Издание доступно также в Интернете
330 Аннотация __
a Аннотация Стихи сургутского поэта Н. Сочихина.
333 Примечание о целевом назначении __
a Примечание о целевом назначении 12+. Для детей старше 12 лет
517 Другие варианты заглавия __
a Другие варианты заглавия Романсы
517 Другие варианты заглавия __
a Другие варианты заглавия Детские песенки
606 Тематические рубрики __
a Основная рубрика Художественная литература
606 Тематические рубрики __
a Основная рубрика Современная русская литература (произведения)
y Географическая подрубрика Россия
y Географическая подрубрика Сургут
y Географическая подрубрика Тюменская область
y Географическая подрубрика Ханты-Мансийский автономный округ - Югра
y Географическая подрубрика ХМАО-Югра
610 Ключевые слова __
a Ключевые слова детские песенки
a Ключевые слова детские песни
a Ключевые слова краеведение
a Ключевые слова лирика
a Ключевые слова песни
a Ключевые слова поэзия
a Ключевые слова романсы
a Ключевые слова стихи
a Ключевые слова стихотворения
a Ключевые слова тема любви
a Ключевые слова тема природы
a Ключевые слова тема Сибири
a Ключевые слова тема Сургута
a Ключевые слова тема Югры
a Ключевые слова тема юности
686 Индексы других классификаций __
a Классификационный индекс К84(2=411.2)6-5; стК84(2Рос=Рус)6-5
686 Индексы других классификаций __
2 Код системы rubbks
700 Автор _1
a Фамилия Сочихин
b Имя Н. В.
f Даты 1939-
g Полное личное имя Никон Васильевич
4 Код отношения 070
801 Источник записи _0
a Страна ru
b Организация Муниципальное бюджетное учреждение культуры "Централизованная библиотечная система" г. Сургут (Центральная городская библиотека им. А. С. Пушкина)
c Дата составления 20160414
g Правила каталогизации КиК/Апакова
801 Источник записи _1
a Страна ru
b Организация Муниципальное бюджетное учреждение культуры "Централизованная библиотечная система" г. Сургут (Центральная городская библиотека им. А. С. Пушкина)
c Дата составления 20160414
g Правила каталогизации КиК/Апакова
852 Данные о местонахождении __
j Шифр хранения К84(2=411.2)6-5
i Авторский знак С 69
901 Тип документа __
t Тип документа x
903 Характеристики (МАРС) __
a Дата передачи 20160414
969 Тип издания __
a Тип издания сборник
990 Данные о заказе (DOS) __
j Количество экземпляров (DOS) 11
t N записи в КСУ для И/У (DOS) 201604